All Disfigure Debuts on NCS - Statistics

General Stats
  • This quiz has been taken 9 times
    6 since last reset
  • The average score is 6 of 8
Answer Stats
Feat. Title Views % Correct
- Blank 257M
100%
Tara Loiuse, Arcana Blank VIP 18M
100%
- Hollah 5,7M
100%
DM Galaxy, Tyler Fiore Paralyzed (Disfigure Remix) 4M
100%
- Summer Tune 13M
100%
HYLO I'm Here 2M
67%
- Feeling Defeated no information
33%
Tara Louise Losing Sleep 3M
33%
No matching quizzes found
Score Distribution
Percent of People with Each Score
Percentile by Number Answered
Your Score History
You have not taken this quiz since the last reset